5HLuxD.jpg

KING HENRY VIII SENIOR AND PRIMARY SCHOOL LIBRARY OPAC

Nothing / (Record no. 2984)

000 -LEADER
fixed length control field 00964pam a2200325 i 4500
001 - CONTROL NUMBER
control field 020299739
003 - CONTROL NUMBER IDENTIFIER
control field UkOxU
005 - DATE AND TIME OF LATEST TRANSACTION
control field 20230914101550.0
008 - FIXED-LENGTH DATA ELEMENTS--GENERAL INFORMATION
fixed length control field 140924s2014 enk 000 d eng c
015 ## - NATIONAL BIBLIOGRAPHY NUMBER
National bibliography number GBB561125
Source bnb
020 ## - INTERNATIONAL STANDARD BOOK NUMBER
International Standard Book Number 9781783191932 (pbk.)
020 ## - INTERNATIONAL STANDARD BOOK NUMBER
International Standard Book Number 1783191937 (pbk.)
035 ## - SYSTEM CONTROL NUMBER
System control number (WlAbNL)vtls006835601
035 ## - SYSTEM CONTROL NUMBER
System control number (Uk)016970469
040 ## - CATALOGING SOURCE
Original cataloging agency UK-WkNB
Language of cataloging eng
Description conventions rda
Transcribing agency UK-WkNB
Modifying agency WlAbNL
-- UkOxU
-- KH8
042 ## - AUTHENTICATION CODE
Authentication code ukscp
082 04 - DEWEY DECIMAL CLASSIFICATION NUMBER
Classification number 822.92 RAC
Edition number 23
100 1# - MAIN ENTRY--PERSONAL NAME
Personal name Raczka, Lulu,
Relator term author.
245 10 - TITLE STATEMENT
Title Nothing /
Statement of responsibility, etc. Lulu Raczka ; with additional material by the Company.
264 #1 - PRODUCTION, PUBLICATION, DISTRIBUTION, MANUFACTURE, AND COPYRIGHT NOTICE
Place of production, publication, distribution, manufacture London :
Name of producer, publisher, distributor, manufacturer Oberon Books,
Date of production, publication, distribution, manufacture, or copyright notice 2014.
300 ## - PHYSICAL DESCRIPTION
Extent 58 pages ;
Dimensions 21 cm.
336 ## - CONTENT TYPE
Content type term text
Content type code txt
Source rdacontent
337 ## - MEDIA TYPE
Media type term unmediated
Media type code n
Source rdamedia
338 ## - CARRIER TYPE
Carrier type term volume
Carrier type code nc
Source rdacarrier
490 1# - SERIES STATEMENT
Series statement Oberon modern plays
520 ## - SUMMARY, ETC.
Summary, etc. "A series of monologues" -- back cover.
650 #0 - SUBJECT ADDED ENTRY--TOPICAL TERM
Topical term or geographic name entry element Youth
Form subdivision Drama.
830 #0 - SERIES ADDED ENTRY--UNIFORM TITLE
Uniform title Oberon modern plays.
942 ## - ADDED ENTRY ELEMENTS (KOHA)
Source of classification or shelving scheme
Koha item type Teaching Resources
Holdings
Withdrawn status Lost status Source of classification or shelving scheme Damaged status Not for loan Collection code Permanent Location Current Location Shelving location Date acquired Full call number Barcode Date last seen Price effective from Koha item type
          Teaching Resources KH8 Senior School Library KH8 Senior School Library Staff Office 2023-09-14 822.92 RAC TRKHSL003148 2023-09-14 2023-09-14 Teaching Resources

Powered By KH8 IT Dept